Kolónia Vladov v 1.FC Košice sa znova rozrástla Zvara podpísal

Podrobná bibliografia
Hlavný autor: Bálint, Tomáš (Autor)
Médium: Článok
Jazyk:slovenčina
Predmet:

MARC

LEADER 00000nab a2200000 a 4500
001 vtls000921214
003 SK-MaSNL
005 20260303034024.0
008 040720e19950909xo 0 slo
035 |a KE30091 
040 |a KEVKJB  |b slo  |c KEVKJB  |e AACR2 
041 0 |a slo 
044 |a xo  |c SK 
080 |a 796.332  |2 1981 
080 |a 929  |2 1981 
100 1 |a Bálint, Tomáš  |4 aut  |9 877309 
245 1 0 |a Kolónia Vladov v 1.FC Košice sa znova rozrástla  |b Zvara podpísal 
518 |a 8.9.1995 
600 1 7 |a Zvara, Vladislav  |d 1969-  |2 KEVKJB  |9 21090 
610 2 7 |a 1.FC Košice  |2 KEVKJB  |9 873226 
650 0 7 |a futbal  |2 KEVKJB  |9 3291 
651 7 |a Košice (Slovensko)  |2 KEVKJB  |9 18694 
651 7 |a Prešov (Slovensko)  |2 KEVKJB  |9 17347 
773 0 8 |t Korzo  |g Roč. 2  |g Roč. 28, č.209, 9.9.1995, s. 7 
852 |a ZVYKNI  |b KIS3GCP 
999 |c 1672037  |d 1673967